[Event "34th Olympiad"]
[Site "Istanbul TUR"]
[Date "2000.11.12"]
[Round "14"]
[White "Papaioannou,I"]
[Black "Ye Jiangchuan"]
[Result "1-0"]
[WhiteElo "2578"]
[BlackElo "2670"]

1.e4 c5 2.Nf3 e6 3.Nc3 Nc6 4.Bb5 Nge7 5.O-O Ng6 6.Bxc6 bxc6 7.d4 cxd4 8.Nxd4 Ba6
9.Re1 Qc7 10.Be3 Bd6 11.h3 O-O 12.Qd2 Rab8 13.Nb3 Be7 14.Nc5 Bc8 15.f4 Nxf4
16.Bxf4 Bxc5+ 17.Kh1 e5 18.Bh2 Be7 19.b3 d6 20.Na4 f5 21.exf5 Bxf5 22.c4 Bf6
23.Rad1 Rbd8 24.Qe3 Qe7 25.c5 d5 26.Bxe5 Rde8 27.Bf4 Be4 28.Qd2 Bh4 29.Rf1 Qe6
30.Kg1 Qg6 31.Nc3 Bf5 32.Rf3 h6 33.b4 Bc2 34.Rc1 Be4 35.Nxe4 Qxe4 36.Rff1 a6
37.a4 d4 38.b5 axb5 39.axb5 cxb5 40.c6 d3 41.c7 Qd4+ 42.Kh1 Rc8 43.Bh2 Rxf1+
44.Rxf1 Bg5 45.Qa2+ Qc4 46.Qa6 Re8 47.Qg6 Re2 48.Bd6 Be7 49.Qe8+ Kh7 50.c8=Q Qxc8
51.Qxc8 Bxd6 52.Qf5+  1-0

[Event "US-China Summit"]
[Site "Seattle USA"]
[Date "2001.03.14"]
[Round "1"]
[White "Ye Jiangchuan"]
[Black "Gulko,B"]
[Result "1/2-1/2"]
[WhiteElo "2671"]
[BlackElo "2622"]

1.e4 d6 2.d4 Nf6 3.Nc3 g6 4.Nf3 Bg7 5.Be3 O-O 6.Qd2 d5 7.exd5 Nxd5 8.Bh6 Bf5
9.Bxg7 Kxg7 10.O-O-O c6 11.Nh4 Bg4 12.f3 Be6 13.Ne4 f6 14.g3 Nd7 15.c4 Nc7
16.Ng2 b5 17.Nf4 Bf7 18.cxb5 Nxb5 19.Bxb5 cxb5 20.Kb1 Qb6 21.Qb4 Rfe8 22.Nc3 Rab8
23.d5 a5 24.Qd4 Qxd4 25.Rxd4 Ne5 26.Rf1 Red8 27.h4 h6 28.Rdd1 b4 29.Ne4 g5
30.hxg5 hxg5 31.Ne6+ Bxe6 32.dxe6 Rxd1+ 33.Rxd1 Nxf3 34.Rd7 Kf8 35.Rd5 Rb6
36.Nc5 Rc6 37.a4 bxa3 38.bxa3 Kg7 39.Kb2 Nd4 40.Ne4 Nxe6 41.Rxa5 Nd4 42.Rd5 Rc4
43.Rc5 Rxc5 44.Nxc5 Kg6 45.a4 Kf5 46.Kc3 Nc6 47.Kc4 Ke5 48.Nb3 Kd6 49.a5 f5
50.a6 e5 51.g4 fxg4 52.Nd2 Kc7 53.Ne4 Ne7 54.Kc5 Nf5 55.Kd5 g3 56.Nxg5 g2
57.Nh3  1/2-1/2

[Event "zt3.3"]
[Site "HeiBei CHN"]
[Date "2001.04.16"]
[Round "1"]
[White "Ye Jiangchuan"]
[Black "Xu Jun"]
[Result "1/2-1/2"]
[WhiteElo "2671"]
[BlackElo "2655"]

1.e4 c5 2.Nf3 d6 3.d4 cxd4 4.Nxd4 Nf6 5.Nc3 a6 6.Be2 e6 7.O-O Be7 8.f4 O-O
9.Kh1 Qc7 10.a4 Nc6 11.Be3 Re8 12.Bg1 Bd7 13.Qd3 Nxd4 14.Bxd4 e5 15.Be3 exf4
16.Bxf4 Bc6 17.Qd4 Bf8 18.Bd3 Kh8 19.Rae1 Ng4 20.Bc4 Ne5 21.Bb3 f6 22.Re3 b5
23.axb5 axb5 24.Qd1 Nc4  1/2-1/2

[Event "zt3.3"]
[Site "HeiBei CHN"]
[Date "2001.04.18"]
[Round "3"]
[White "Ye Jiangchuan"]
[Black "Zhou Weiqi"]
[Result "1-0"]
[WhiteElo "2671"]
[BlackElo "2310"]

1.e4 c5 2.Nf3 Nc6 3.d4 cxd4 4.Nxd4 e5 5.Nb5 d6 6.c4 Be7 7.b3 Nf6 8.Bd3 a6
9.N5c3 O-O 10.h3 Be6 11.O-O Nd7 12.Nd5 Nc5 13.Nbc3 Bg5 14.Bb2 Kh8 15.Bb1 Rc8
16.Kh2 Bf4+ 17.Nxf4 exf4 18.Qh5 Ne5 19.Nd5 Ncd3 20.Bxd3 Nxd3 21.Bd4 Bxd5
22.Qxd5 Nc5 23.Rad1 Qe7 24.Bxc5 dxc5 25.Qf5 Rce8 26.f3 Qh4 27.Qxc5 Kg8 28.Rd5 Re6
29.Qf2 Qe7 30.Rfd1 Re8 31.Rd7 Qg5 32.R1d5 Re5 33.Rxb7 f5 34.Rdd7 fxe4 35.Rxg7+ Qxg7
36.Rxg7+ Kxg7 37.fxe4 Rxe4 38.c5 R8e6 39.Qf3  1-0

[Event "zt3.3"]
[Site "HeiBei CHN"]
[Date "2001.04.22"]
[Round "7"]
[White "Ye Jiangchuan"]
[Black "Wang Rui"]
[Result "1-0"]
[WhiteElo "2671"]
[BlackElo "2526"]

1.e4 c5 2.Nf3 e6 3.d4 cxd4 4.Nxd4 a6 5.Nc3 Qc7 6.Bd3 Nf6 7.O-O Nc6 8.Be3 Ne5
9.h3 Bc5 10.Kh1 d6 11.f4 Nxd3 12.cxd3 O-O 13.Rc1 Qe7 14.e5 Nd5 15.Nxd5 exd5
16.Qf3 Rd8 17.Qg3 Kh8 18.a3 Bd7 19.b4 Bxd4 20.Bxd4 dxe5 21.Rce1 Qf8 22.Rxe5 f6
23.Bc5 Qg8 24.Re7 Bc6 25.Bd4 Re8 26.Rfe1 Qf8 27.Bc5 Qg8 28.f5 Rxe7 29.Rxe7 Re8
30.Rc7 Rc8 31.Qxg7+ Qxg7 32.Rxc8+ Qg8 33.Rxg8+ Kxg8 34.d4 h5 35.g4 hxg4 36.hxg4 Kf7
37.Kg2 Ke8 38.Kg3 Kd8 39.Kh4 Be8 40.Bd6 Kd7 41.Bg3 b6 42.Bb8 a5 43.b5 a4
44.Bg3 Ke7 45.Bc7 Bxb5 46.Bxb6 Kf7 47.Bd8 Bd3 48.Kg3 Bf1 49.Kf4 Bh3 50.Bxf6 Kxf6
51.g5+ Kf7 52.Ke5 Bg2 53.Kd6 Be4 54.Ke5 Bc2 55.g6+ Ke7 56.f6+ Ke8 57.g7 Bh7
58.Kxd5 Bg8+ 59.Kc6 Kd8 60.Kb5 Bb3 61.f7 Bxf7 62.Kxa4 Ke7 63.Kb5 Kf6 64.Kc5 Kxg7
65.a4 Bh5 66.Kd6 Kf8 67.a5 Be2 68.d5 Bc4 69.Kc5 Be2 70.Kc6 Ke7 71.Kc7  1-0

[Event "zt3.3"]
[Site "HeiBei CHN"]
[Date "2001.04.25"]
[Round "9"]
[White "Ye Jiangchuan"]
[Black "Zhang Zhong"]
[Result "1/2-1/2"]
[WhiteElo "2671"]
[BlackElo "2632"]

1.e4 c5 2.Nf3 d6 3.d4 Nf6 4.Nc3 cxd4 5.Nxd4 a6 6.Be3 e5 7.Nb3 Be6 8.Qd2 Nbd7
9.f4 b5 10.O-O-O Qc7 11.Be2 Rc8 12.Kb1 Be7 13.Rhe1 O-O 14.a3 Rfd8 15.g4 Nc5
16.Nd5 Bxd5 17.exd5 Nxb3 18.cxb3 Ne4 19.Qd3 exf4 20.Bd4 Nc5 21.Qf3 Bh4 22.Rf1 Re8
23.b4 Nb3 24.Qxb3 Rxe2 25.Rc1 Qd7 26.Qf3 Rce8 27.Rc6 R2e4 28.Rd1 h5 29.h3 hxg4
30.hxg4 Bg3 31.Rxa6 Qe7 32.Rc6 Qg5 33.Bb6 Qe5 34.Rc2 Re1 35.Rxe1 Qxe1+ 36.Ka2 Qe4
37.Qb3 Re5 38.Rd2 Qh1 39.Qc3 Re8 40.Qc6 Qe1 41.Bf2  1/2-1/2

[Event "zt3.3"]
[Site "HeiBei CHN"]
[Date "2001.04.26"]
[Round "10"]
[White "Zhao Jun"]
[Black "Ye Jiangchuan"]
[Result "0-1"]
[WhiteElo "2347"]
[BlackElo "2671"]

1.e4 c5 2.Nf3 e6 3.c4 Nc6 4.Nc3 Nf6 5.d4 cxd4 6.Nxd4 Bb4 7.Nxc6 bxc6 8.Bd3 e5
9.O-O Bc5 10.Rb1 a5 11.Qe2 d6 12.Be3 Nd7 13.a3 Bxe3 14.Qxe3 Nc5 15.b4 axb4
16.axb4 Ne6 17.b5 Bb7 18.Ra1 O-O 19.Bc2 Nd4 20.Qd3 Ra5 21.bxc6 Bxc6 22.Ne2 Rxa1
23.Rxa1 Ne6 24.f3 Qb6+ 25.Kf1 Rd8 26.Qc3 g6 27.Rd1 Qc5 28.Qd3 h5 29.Bb3 Rb8
30.Bc2 Rd8 31.Bb3 h4 32.h3 Kg7 33.Bc2 Rd7 34.Ra1 Rb7 35.Rd1 Rb2 36.Qc3 Ra2
37.Bb3 Ra7 38.Qd2 Ra3 39.Rb1 Bb7 40.Ba2 Ba6 41.Rc1 Nd4 42.Nxd4 Qxd4 43.Qe2 Rd3
44.Qe1 Rd2 45.Bb3 Rb2  0-1

[Event "7th Tan Chin Nam Cup"]
[Site "Shanghai CHN"]
[Date "2001.07.14"]
[Round "6"]
[White "Tkachiev,V"]
[Black "Ye Jiangchuan"]
[Result "0-1"]
[WhiteElo "2642"]
[BlackElo "2671"]

1.d4 Nf6 2.c4 g6 3.g3 Bg7 4.Bg2 d5 5.cxd5 Nxd5 6.Nf3 Nb6 7.Nc3 Nc6 8.e3 O-O
9.O-O Re8 10.d5 Na5 11.Nd4 Bd7 12.e4 Rc8 13.Re1 c6 14.Bf4 cxd5 15.exd5 Nac4
16.b3 Nd6 17.Qd2 Na8 18.Be5 Bxe5 19.Rxe5 Qa5 20.Re3 Nc7 21.a4 Na6 22.Rae1 Qb4
23.R1e2 Bg4 24.Re1 Bd7 25.h4 Nc5 26.Qd1 Nxb3 27.Nc2 Qa5 28.Rxe7 Rxe7 29.Rxe7 Bf5
30.Ne4 Bxe4 31.Bxe4 Qd8 32.Re5 Qf6 33.f4 Nc4 34.Rg5 Ne3 35.Nxe3 Rc1 36.Qxc1 Nxc1
37.Re5 Qb6 38.Bc2 Ne2+ 39.Kg2 Nd4 40.Nc4 Qd8 41.Bd3 f6 42.Re4 Qxd5 43.Ne3 Qc5
44.Re8+ Kf7 45.Rd8 Ke7 46.Rh8 Qc6+ 47.Kh2 Nf3+ 48.Kh3 Qe6+  0-1

[Event "7th Tan Chin Nam Cup"]
[Site "Shanghai CHN"]
[Date "2001.07.16"]
[Round "7"]
[White "Ye Jiangchuan"]
[Black "Sokolov,I"]
[Result "1/2-1/2"]
[WhiteElo "2671"]
[BlackElo "2659"]

1.e4 e5 2.Nf3 Nc6 3.Bb5 a6 4.Ba4 Nf6 5.O-O Be7 6.Re1 d6 7.Bxc6+ bxc6 8.d4 exd4
9.Nxd4 Bd7 10.Nc3 O-O 11.Qf3 Re8 12.Bg5 h6 13.Bh4 Nh7 14.Bxe7 Qxe7 15.Qd3 Qg5
16.Qc4 Bh3 17.Qf1 Bd7 18.Qc4 Bh3 19.Qf1 Bd7  1/2-1/2

[Event "CHN-RUS Summit Men"]
[Site "Shanghai CHN"]
[Date "2001.09.12"]
[Round "6"]
[White "Ye Jiangchuan"]
[Black "Svidler,P"]
[Result "1-0"]
[WhiteElo "2677"]
[BlackElo "2695"]

1.e4 e5 2.Nf3 Nc6 3.d4 exd4 4.Bc4 Nf6 5.e5 d5 6.Bb5 Ne4 7.Nxd4 Bc5 8.Be3 O-O
9.Nxc6 bxc6 10.Bxc5 Nxc5 11.Bxc6 Rb8 12.Qxd5 Qe7 13.O-O Rxb2 14.Nc3 Ba6 15.Rfc1 Rd8
16.Qf3 Qxe5 17.Bd5 Qf6 18.Qe3 Ne6 19.Bb3 Nd4 20.Re1 h6 21.Nd5 Qh4 22.Rad1 c5
23.Ne7+ Kh7 24.Bxf7 Rd6 25.Nf5 Ne2+ 26.Kh1 Rxd1 27.Bg6+  1-0

[Event "EUR-ASIA Rapid Match"]
[Site "Batumi GEO"]
[Date "2001.09.18"]
[Round "5"]
[White "Ye Jiangchuan"]
[Black "Lutz,C"]
[Result "1-0"]
[WhiteElo "2677"]
[BlackElo "2643"]

1.e4 c5 2.Nf3 d6 3.d4 cxd4 4.Nxd4 Nf6 5.Nc3 a6 6.Be2 e5 7.Nb3 Be7 8.O-O O-O
9.Kh1 b6 10.Be3 Bb7 11.f3 b5 12.a4 b4 13.Nd5 Nxd5 14.exd5 Nd7 15.c3 bxc3
16.bxc3 Bg5 17.Bg1 f5 18.c4 Nf6 19.Rb1 Rf7 20.Rb2 g6 21.Qb1 Qc7 22.Rd1 Re8
23.c5 Bxd5 24.cxd6 Qxd6 25.Nc5 Qf8 26.Rb6 Rd8 27.Bxa6 e4 28.Rxd5 Nxd5 29.Ne6 Qe8
30.Nxd8 Bxd8 31.Rd6  1-0

[Event "Asian Teams"]
[Site "Jodhpur IND"]
[Date "2003.04.13"]
[Round "7"]
[White "Ye Jiangchuan"]
[Black "Koneru,H"]
[Result "1/2-1/2"]
[WhiteElo "2684"]
[BlackElo "2496"]

1.e4 e5 2.Nf3 Nf6 3.Nxe5 d6 4.Nf3 Nxe4 5.d4 d5 6.Bd3 Nc6 7.O-O Be7 8.c4 Nb4
9.Be2 O-O 10.a3 Nc6 11.cxd5 Qxd5 12.Nc3 Nxc3 13.bxc3 Bf5 14.c4 Qe4 15.Ra2 Bf6
16.Be3 Rad8 17.Rd2 Qe7 18.d5 Ne5 19.Nd4 Bc8 20.c5 Rxd5 21.Nf5 Nf3+ 22.Bxf3 Rxf5
23.Qa4 Bg5 24.Bxg5 Qxg5 25.Rd3 Rxc5 26.Qxa7 b6 27.Qa4 Ra5 28.Qd1 Ba6 29.Rd7 Bxf1
30.Kxf1 Rc5 31.Rd2 h6 32.a4 Ra5 33.Rd4 c5 34.Rg4 Rd8 35.Qa1  1/2-1/2

[Event "Asian Teams"]
[Site "Jodhpur IND"]
[Date "2003.04.15"]
[Round "9"]
[White "Ye Jiangchuan"]
[Black "Wong Zi Jing"]
[Result "1-0"]
[WhiteElo "2684"]
[BlackElo "2336"]

1.e4 c5 2.Nf3 d6 3.d4 cxd4 4.Nxd4 Nf6 5.Nc3 a6 6.Be2 e5 7.Nb3 Be7 8.O-O O-O
9.Kh1 Nc6 10.f3 Be6 11.Nd5 b5 12.Qd2 Rc8 13.a4 Bxd5 14.exd5 Nd4 15.Nxd4 exd4
16.axb5 axb5 17.Bxb5 Rc5 18.Ba4 Nxd5 19.Qxd4 Bf6 20.Qe4 Nb6 21.Bb3 Re8 22.Qd3 Rh5
23.f4 d5 24.c3 Qe7 25.Bd1 Rh6 26.Bf3 Qc5 27.Bd2 Bh4 28.Be1 Bxe1 29.Rfxe1 Rhe6
30.Rxe6 fxe6 31.h3 Nc4 32.Qe2 Qd6 33.b3 Na3 34.Bxd5 Qxf4 35.Bxe6+ Kh8 36.Qg4 Qe3
37.Qa4 Qxe6 38.Qxa3 h6 39.Rf1 Qe4 40.c4 Re5 41.Qf8+ Kh7 42.Qf3 Qg6 43.Rd1 Rg5
44.Kh2 Qe6 45.Rd5 Rg6 46.b4 Qc6 47.Qe4 Qc7+ 48.Kh1 Qg3 49.c5 Kg8 50.Rd8+ Kh7
51.Rd6  1-0

[Event "zt 3.3"]
[Site "Yongchuan CHN"]
[Date "2003.07.13"]
[Round "3"]
[White "Ye Jiangchuan"]
[Black "Zhao Jun"]
[Result "1-0"]
[WhiteElo "2683"]
[BlackElo "2447"]

1.e4 c5 2.Nf3 d6 3.d4 Nf6 4.Nc3 cxd4 5.Nxd4 a6 6.Be3 e5 7.Nb3 Be6 8.f3 Nbd7
9.g4 b5 10.g5 b4 11.Nd5 Nxd5 12.exd5 Bf5 13.Bd3 Bxd3 14.Qxd3 Be7 15.h4 O-O
16.O-O-O a5 17.Kb1 f5 18.Nd2 Qc7 19.Nc4 Nc5 20.Bxc5 Qxc5 21.Ne3 g6 22.f4 exf4
23.Ng2 Qf2 24.Rd2 Qg3 25.Qd4 Rae8 26.Qxf4 Qxf4 27.Nxf4 Bd8 28.Ne6 Rf7 29.h5 gxh5
30.Rdh2 Bb6 31.Rxh5 Rfe7 32.c4 bxc3 33.bxc3 f4 34.R1h3 Be3 35.Kc2 a4 36.Kd3 a3
37.Rh6 Rb8 38.g6 Rbb7 39.g7 Rxe6 40.dxe6 Rxg7 41.Rxh7  1-0

[Event "zt 3.3"]
[Site "Yongchuan CHN"]
[Date "2003.07.14"]
[Round "4"]
[White "Bu Xiangzhi"]
[Black "Ye Jiangchuan"]
[Result "1/2-1/2"]
[WhiteElo "2588"]
[BlackElo "2683"]

1.d4 Nf6 2.c4 g6 3.Nc3 Bg7 4.e4 d6 5.f3 O-O 6.Be3 e5 7.Nge2 c6 8.Qd2 Nbd7
9.O-O-O a6 10.Kb1 b5 11.c5 Qe7 12.cxd6 Qxd6 13.dxe5 Qxd2 14.Rxd2 Nxe5 15.Nc1 a5  1/2-1/2

[Event "zt 3.3"]
[Site "Yongchuan CHN"]
[Date "2003.07.16"]
[Round "5"]
[White "Ye Jiangchuan"]
[Black "Xu Jun"]
[Result "1-0"]
[WhiteElo "2683"]
[BlackElo "2626"]

1.e4 c5 2.Nf3 d6 3.d4 cxd4 4.Nxd4 Nf6 5.Nc3 a6 6.Be3 e6 7.f3 Be7 8.Qd2 O-O
9.O-O-O Nc6 10.g4 Nxd4 11.Bxd4 b5 12.g5 Nd7 13.h4 b4 14.Na4 Qa5 15.b3 Nc5
16.Bxc5 dxc5 17.Qf4 Ra7 18.Kb1 Rd7 19.Bc4 Rfd8 20.Rxd7 Bxd7 21.h5 Bxa4 22.g6 Bf6
23.gxh7+ Kh8 24.h6 Qb6 25.e5 Qc7 26.exf6  1-0

[Event "zt 3.3"]
[Site "Yongchuan CHN"]
[Date "2003.07.23"]
[Round "11"]
[White "Zhou Weiqi"]
[Black "Ye Jiangchuan"]
[Result "0-1"]
[WhiteElo "2388"]
[BlackElo "2683"]

1.e4 c5 2.Nf3 e6 3.d3 d5 4.Nbd2 Nc6 5.g3 Nf6 6.Bg2 Be7 7.O-O O-O 8.Re1 b5
9.c3 a5 10.a4 b4 11.e5 bxc3 12.bxc3 Nd7 13.Nb1 Ba6 14.Na3 Rb8 15.Bf1 Re8
16.Bf4 Nf8 17.Rb1 Ng6 18.Bd2 Rxb1 19.Qxb1 Qb8 20.Nb5 Bxb5 21.Qxb5 Qc7 22.d4 c4
23.Qb1 Rb8 24.Qc2 Qb6 25.Ra1 Qb2 26.Qd1 Qb3 27.Qc1 Qb2 28.Qd1 Nf8 29.Be2 Nd7
30.Ne1 Qb6 31.Bg4 Qa7 32.Rb1 Rb6 33.Ng2 Qb8 34.Rxb6 Qxb6 35.Nf4 Qb3 36.Qa1 Nf8
37.Bd1 Qb6 38.Bc2 Ng6 39.Nh5 Bf8 40.Bc1 Be7 41.Be3 Bf8 42.Qc1 Nce7 43.g4 Nc6
44.f4 Qd8 45.Qd1 Be7 46.Qf3 Qb6 47.f5 Qb2 48.Qe2 Qxc3 49.fxg6 hxg6 50.Ng3 Nxd4
51.Bxd4 Qxd4+ 52.Kg2 Bg5 53.Qe1 Bd2 54.Qd1 Bc3 55.Qb1 Bb4 56.Bxg6 fxg6 57.Qxg6 Qxe5
58.g5 c3 59.h4 Bd6 60.Qe8+ Bf8 61.Nh5 Qe4+ 62.Kg3 c2 63.Nf6+ gxf6 64.g6 Qe3+  0-1

[Event "RUS-CHN"]
[Site "Moscow CHN"]
[Date "2004.08.10"]
[Round "1"]
[White "Ye Jiangchuan"]
[Black "Zvjaginsev,V"]
[Result "1/2-1/2"]
[WhiteElo "2681"]
[BlackElo "2650"]

1.e4 e5 2.Nf3 Nc6 3.Bb5 a6 4.Ba4 Nf6 5.O-O Be7 6.Re1 b5 7.Bb3 O-O 8.a4 b4
9.d4 d6 10.dxe5 dxe5 11.Qxd8 Rxd8 12.Bg5 Kf8 13.Nbd2 Nd7 14.Bd5 Bb7 15.Nc4 f6
16.Be3 Bc5 17.Nfd2 Bxe3 18.Rxe3 Nb6 19.Nxb6 cxb6 20.c3  1/2-1/2

[Event "Torch Real Estate Cup"]
[Site "Jinan CHN"]
[Date "2005.04.22"]
[Round "3"]
[White "Bu Xiangzhi"]
[Black "Ye Jiangchuan"]
[Result "1-0"]
[WhiteElo "2630"]
[BlackElo "2648"]

1.c4 Nf6 2.Nc3 g6 3.e4 d6 4.g3 c5 5.Bg2 Nc6 6.Nge2 Bg7 7.O-O O-O 8.d3 Rb8
9.h3 a6 10.a4 Ne8 11.Be3 Bd7 12.d4 Qc8 13.dxc5 Bxh3 14.Bxh3 Qxh3 15.Nf4 Qc8
16.Nfd5 e6 17.Nb6 Qc7 18.cxd6 Nxd6 19.c5 Ne8 20.Qe2 Nd4 21.Qc4 Nf3+ 22.Kg2 Ne5
23.Qe2 Nf6 24.f4 Neg4 25.Bg1 h5 26.Rad1 Rfd8 27.b4 Bf8 28.Qf3 Rxd1 29.Rxd1 Rd8
30.e5 Nd7 31.Nc4 Nb8 32.Nd6 Nc6 33.b5 axb5 34.axb5 Na5 35.Nce4 Ra8 36.Ra1 Bxd6
37.exd6 Qd8 38.Bd4 Nc4 39.Rxa8 Qxa8 40.Qe2 Qa4 41.Nc3  1-0

[Event "Torch Real Estate Cup"]
[Site "Wuxi CHN"]
[Date "2005.05.08"]
[Round "7"]
[White "Zhang Zhong"]
[Black "Ye Jiangchuan"]
[Result "1/2-1/2"]
[WhiteElo "2599"]
[BlackElo "2648"]

1.e4 Nf6 2.e5 Nd5 3.d4 d6 4.Nf3 dxe5 5.Nxe5 c6 6.Bc4 Nd7 7.Nf3 N7b6 8.Bb3 Bg4
9.h3 Bh5 10.g4 Bg6 11.Ne5 Nd7 12.Nxg6 hxg6 13.c4 N5f6 14.Bf4 Qa5+ 15.Nc3 O-O-O
16.Bd2 e5 17.d5 Bb4 18.g5 Nh5 19.a3 Bxc3 20.Bxc3 Qb6 21.Ba2 Nf4 22.Qf3 Rh4
23.O-O-O Rdh8 24.c5 Qxc5 25.dxc6 bxc6 26.Kb1 f5 27.Bb4 Qb5 28.Rd6 Nb8 29.Be6+ Nxe6
30.Rxe6 Rxh3 31.Rxh3 Qf1+ 32.Be1 Rxh3 33.Qd1 Rd3 34.Qc1 Qe2 35.Rxc6+ Nxc6
36.Qxc6+ Kb8 37.Qb5+ Kc8 38.Qc6+ Kb8  1/2-1/2

[Event "Torch Real Estate Cup"]
[Site "Wuxi CHN"]
[Date "2005.05.12"]
[Round "11"]
[White "Al Modiahki,M"]
[Black "Ye Jiangchuan"]
[Result "0-1"]
[WhiteElo "2569"]
[BlackElo "2648"]

1.e4 Nf6 2.e5 Nd5 3.d4 d6 4.Nf3 dxe5 5.Nxe5 c6 6.Bc4 Nd7 7.Nf3 N7b6 8.Bb3 Bg4
9.Nbd2 e6 10.h3 Bh5 11.g4 Bg6 12.h4 h6 13.Ne5 Bh7 14.Ndf3 Nd7 15.Bd2 Nxe5
16.Nxe5 a5 17.a4 Qb6 18.c3 Be7 19.Bc2 Bxc2 20.Qxc2 c5 21.dxc5 Qxc5 22.O-O-O Bd6
23.Nd3 Qc4 24.Kb1 Rc8 25.g5 h5 26.g6 O-O 27.gxf7+ Rxf7 28.Rhe1 b5 29.Ne5 Bxe5
30.Rxe5 Nb4  0-1

[Event "Torch Real Estate Cup"]
[Site "Wuxi CHN"]
[Date "2005.05.14"]
[Round "13"]
[White "Chen Fan"]
[Black "Ye Jiangchuan"]
[Result "0-1"]
[WhiteElo "2354"]
[BlackElo "2648"]

1.e4 Nf6 2.e5 Nd5 3.d4 d6 4.Nf3 dxe5 5.Nxe5 c6 6.Be2 Bf5 7.g4 Bc8 8.c4 Nc7
9.Nc3 Nd7 10.Be3 Nxe5 11.dxe5 Qxd1+ 12.Rxd1 f6 13.Bf4 f5 14.h3 g6 15.Be3 Bg7
16.f4 g5 17.gxf5 Bxf5 18.Bh5+ Bg6 19.Bg4 O-O 20.Rd7 gxf4 21.Bxf4 Rxf4 22.Rxc7 Bxe5
23.Rxb7 Bf6 24.Ne2 Bh4+ 25.Kd2 Rd8+ 26.Rd7 Rxd7+ 27.Bxd7 Bf6 28.c5 Rf3 29.Be6+ Kh8
30.Bc4 Bg5+ 31.Ke1 a5 32.Rg1 Be3 33.Rg4 e5 34.h4 Rf8 35.Ng3 Rf4 36.Rxf4 exf4
37.Nf1 Bxc5 38.Be2 Bd4 39.b3 Bb1 40.a4 Bc2 41.Bf3 Bxb3 42.Bxc6 Kg8 43.h5 Bf7
44.Bf3 Be8 45.Bd1 Bc3+ 46.Kf2 Bd4+ 47.Ke1 Kg7 48.Nh2 Kh6 49.Ng4+ Kg5 50.Nh2 Be3
51.Kf1 Kh4 52.Nf3+ Kg3 53.Ng5 f3  0-1

[Event "Torch Real Estate Cup"]
[Site "Xiapu CHN"]
[Date "2005.06.21"]
[Round "14"]
[White "Ye Jiangchuan"]
[Black "Wang Yaoyao"]
[Result "1-0"]
[WhiteElo "2648"]
[BlackElo "2456"]

1.e4 c5 2.Nf3 d6 3.d4 cxd4 4.Nxd4 Nf6 5.Nc3 a6 6.f4 g6 7.Nf3 Qa5 8.e5 dxe5
9.fxe5 Ng4 10.Bf4 Bg7 11.Qe2 Nc6 12.O-O-O Be6 13.Ng5 Ngxe5 14.Nxe6 fxe6 15.g3 O-O
16.Bh3 Nf7 17.Qc4 Nd4 18.Bc7 Rac8 19.Bxa5 Rxc4 20.Bf1 Rcc8 21.Bg2 Nd6 22.Bb6 e5
23.Rhf1 e6 24.Rxf8+ Kxf8 25.a4 Ke7 26.a5 Rc4 27.Kb1 Kd7 28.Ne4 Nxe4 29.Bxe4 Kc8
30.c3  1-0

[Event "Torch Real Estate Cup"]
[Site "Xiapu CHN"]
[Date "2005.06.24"]
[Round "17"]
[White "Ye Jiangchuan"]
[Black "Wei Chenpeng"]
[Result "1-0"]
[WhiteElo "2648"]
[BlackElo "2406"]

1.e4 c5 2.Nf3 d6 3.d4 cxd4 4.Nxd4 Nf6 5.Nc3 a6 6.f4 e5 7.Nf3 Nbd7 8.a4 Be7
9.Bd3 O-O 10.O-O exf4 11.Bxf4 Qb6+ 12.Kh1 Qxb2 13.Nd5 Nxd5 14.exd5 Qb4 15.c4 Nc5
16.Qe2 Nxd3 17.Qxd3 Qb6 18.Rab1 Qd8 19.Nd2 Bg5 20.Bxg5 Qxg5 21.Rb6 Qe5 22.Nf3 Qe7
23.a5 Bg4 24.Re1 Qf6 25.Qd4 Qg6 26.Qe4 Rac8 27.Rxb7 Bf5 28.Qf4 Bd3 29.Nd2 Rfe8
30.Rbe7 Rxe7 31.Rxe7 h5 32.h3 Rc5 33.Nf3 f6 34.Qxd6 Rxc4 35.Qd8+ Kh7 36.Re8 Qf7
37.Rh8+ Kg6 38.Qd6 Kf5 39.Ne5 fxe5 40.Rf8 Qxf8 41.Qxf8+ Ke4 42.d6 Rc1+ 43.Kh2 Bb5
44.Qf3+ Kd4 45.Qb7  1-0

[Event "Torch Real Estate Cup"]
[Site "Xiapu CHN"]
[Date "2005.06.25"]
[Round "18"]
[White "Wu Kaiyu"]
[Black "Ye Jiangchuan"]
[Result "1-0"]
[WhiteElo "2294"]
[BlackElo "2648"]

1.e4 c5 2.Nf3 e6 3.c3 Nf6 4.e5 Nd5 5.d4 cxd4 6.cxd4 d6 7.Bc4 Nc6 8.O-O Be7
9.Qe2 O-O 10.Qe4 Qc7 11.Re1 Re8 12.Bg5 dxe5 13.Bxe7 f5 14.Qe2 e4 15.Ba3 Nf4
16.Qd2 exf3 17.d5 Nxg2 18.dxc6 Nxe1 19.Qxe1 Qf4 20.Qf1 bxc6 21.Nc3 Kh8 22.Rd1 a5
23.Kh1 e5 24.Bf7 Ba6 25.Qh3 Red8 26.Rg1 Rd2 27.Bc5 Rd4 28.Be7 Ra7 29.Bg5 Rxf7
30.Bxf4 Rxf4 31.Re1 h6 32.Rxe5 Kh7 33.Qg3 g5 34.Re6 Bc8 35.Re3 Bb7 36.Qg1 Rd4
37.Qe1 Rdd7 38.Re8 c5 39.Qe5 Kg6 40.Rg8+ Kh5 41.Qg3 Rd4 42.Qe5 Rdd7 43.h3 Rde7
44.Qd6 Rg7 45.Rxg7 Rxg7 46.Qf6  1-0

[Event "MULTICOMS FRA-CHN Match"]
[Site "Paris FRA"]
[Date "2006.09.05"]
[Round "2"]
[White "Ye Jiangchuan"]
[Black "Degraeve,JM"]
[Result "1/2-1/2"]
[WhiteElo "2641"]
[BlackElo "2540"]

1.e4 e6 2.d4 d5 3.Nd2 c5 4.exd5 exd5 5.Ngf3 Nc6 6.Bb5 Bd6 7.dxc5 Bxc5 8.O-O Ne7
9.Nb3 Bd6 10.Bg5 O-O 11.Re1 Bg4 12.Bh4 Qc7 13.Bg3 Rad8 14.Be2 Nf5 15.Bxd6 Qxd6
16.h3 Bxf3 17.Bxf3 Qf6 18.Bxd5 Nfe7 19.c4 Nxd5  1/2-1/2

[Event "1st Ruy Lopez Open"]
[Site "Zafra ESP ESP"]
[Date "2007.03.24"]
[Round "6"]
[White "Khamrakulov,I"]
[Black "Ye Jiangchuan"]
[Result "1-0"]
[WhiteElo "2527"]
[BlackElo "2632"]

1.e4 e5 2.Nf3 Nc6 3.Bb5 a6 4.Bxc6 dxc6 5.Nc3 f6 6.d4 exd4 7.Nxd4 c5 8.Nde2 Qxd1+
9.Nxd1 Bd7 10.Bf4 O-O-O 11.Ne3 Ne7 12.h4 h5 13.O-O-O Re8 14.Nc3 Bc6 15.f3 Ng6
16.Bg3 Ne5 17.Ncd5 b5 18.c4 Bxd5 19.Rxd5 g6 20.Bxe5 fxe5 21.Kc2 c6 22.Rd3 Bh6
23.Rhd1 Bxe3 24.Rxe3  1-0